=LDR 00000nam 2200000 4500 =001 INLIS000000000000471 =005 20150316152250.0 =006 =007 =008 Ind =035 ##$$0010-061300000000471 =041 ##$$a Ind =082 ##$$a 301 =090 ##$$a 301 Suk t =100 ##$$a Sukanto, Suryono =245 ##$$a Teori Sosiologi, Tentang pribadi dalam masyarakat / Soerjono Soekanto =260 ##$$a Jakarta $b Ghalia Indonesia $c 1982 =300 ##$$a viii, 216 hlm. : ilus. ; 21 cm =650 ##$$a Sosiologi =850 ##$$a NBPNMAT